Atlas minor praecipua orbis terrarum imperia regna et provincias germaniae potissimum tabellis 66 exacte delineatis fiftens usui militiae ductum ae peregrinantium maxime accommodatus opera (Record no. 7983)

MARC details
000 -CABECERA
campo de control de longitud fija 01392nam a2200337 a 4500
001 - NÚMERO DE CONTROL
campo de control BRCA_8315
005 - FECHA Y HORA DE LA ÚLTIMA TRANSACCIÓN
campo de control 20190320210226.0
008 - DATOS DE LONGITUD FIJA--INFORMACIÓN GENERAL
campo de control de longitud fija 240614s1735----gw-ab##f##---#001-0#lat-#
041 ## - CÓDIGO DE LENGUA
Código de lengua del texto/banda sonora o título independiente lat
044 ## - CÓDIGO DEL PAÍS DE LA ENTIDAD EDITORA/PRODUCTORA
Código MARC del país gw
050 #4 - SIGNATURA TOPOGRÁFICA DE LA BIBLIOTECA DEL CONGRESO
Número de clasificación G1070
Número de documento/Ítem .S3 1735
100 1# - ENTRADA PRINCIPAL--NOMBRE DE PERSONA
Nombre de persona Seutteri, Matthaei
Fechas asociadas al nombre 1678-1756
9 (RLIN) 20763
245 10 - MENCIÓN DE TÍTULO
Título Atlas minor praecipua orbis terrarum imperia regna et provincias germaniae potissimum tabellis 66 exacte delineatis fiftens usui militiae ductum ae peregrinantium maxime accommodatus opera
Mención de responsabilidad, etc. Matthaei Seutteri.
260 ## - PUBLICACIÓN, DISTRIBUCIÓN, ETC.
Lugar de publicación, distribución, etc. [Alemania]
Fecha de publicación, distribución, etc. [173?]
300 ## - DESCRIPCIÓN FÍSICA
Extensión 1 v. (sin paginación)
Otras características físicas il., 68 mapas a color,
Dimensiones 22 cm.
500 ## - NOTA GENERAL
Nota general Fondo antiguo
500 ## - NOTA GENERAL
Nota general Se encuentra en Caja Fuerte, 16-marzo-2016
500 ## - NOTA GENERAL
Nota general R5
500 ## - NOTA GENERAL
Nota general Con Ex-libris de: Franz Mayer y A. Bandini BVT
500 ## - NOTA GENERAL
Nota general Incluye índice de mapas
500 ## - NOTA GENERAL
Nota general En portada: Atlas Novus de LXVI mapp: a Matth: Seutter ; s.c.m. George ; augvind. Ilustrada a color
500 ## - NOTA GENERAL
Nota general Mapa no. 14 se encuentra encuadernado al revés
500 ## - NOTA GENERAL
Nota general Nota de encuadernación: piel sobre cartón
506 0# - NOTA DE RESTRICCIONES AL ACCESO
Limitaciones de acceso Fondo reservado: para su consulta es necesario credencial de usuario y carta de motivos
650 14 - PUNTO DE ACCESO ADICIONAL DE MATERIA--TÉRMINO DE MATERIA
Término de materia o nombre geográfico como elemento de entrada Descripción y viajes
9 (RLIN) 20608
650 14 - PUNTO DE ACCESO ADICIONAL DE MATERIA--TÉRMINO DE MATERIA
Término de materia o nombre geográfico como elemento de entrada Cartografía
9 (RLIN) 789
650 14 - PUNTO DE ACCESO ADICIONAL DE MATERIA--TÉRMINO DE MATERIA
Término de materia o nombre geográfico como elemento de entrada Geografía universal
9 (RLIN) 20609
650 14 - PUNTO DE ACCESO ADICIONAL DE MATERIA--TÉRMINO DE MATERIA
Término de materia o nombre geográfico como elemento de entrada Atlas
Subdivisión de forma Trabajos anteriores a 1800
9 (RLIN) 20764
902 ## - CATALOGADOR
Iniciales LAR
942 ## - ELEMENTOS DE PUNTO DE ACCESO ADICIONAL (KOHA)
Fuente del sistema de clasificación o colocación Library of Congress Classification
Tipo de ítem Koha Libros
Holdings
Estado de retiro Estado de pérdida Estado dañado No para préstamo Localización permanente Ubicación/localización actual Fecha de adquisición Número de inventario Total de préstamos Signatura topográfica completa Código de barras Fecha visto por última vez Precio válido a partir de Tipo de ítem Koha
El ejemplar forma parte de la colección y puede ser consultado según las políticas vigentes.       Biblioteca del Museo Franz Mayer (Rogerio Casas-Alatriste) Biblioteca del Museo Franz Mayer (Rogerio Casas-Alatriste) 24/06/2014 R5   G1070 .S3 1735 (R5) LAR00025 22/03/2019 22/03/2019 Libros